000 01409cam a22003377a 4500
999 _c18934
_d18934
001 14581416
005 20170114110958.0
008 061003s2005 mm abe b 001 0 eng d
010 _a 2006494085
020 _a9993270555 :
035 _a(CStRLIN)NYMA1571049X-B
035 _a(NNMM).b1571049x
050 0 0 _aNA1455 .M3T43 2005
100 1 _aThake, Conrad,
_d1963-
245 1 0 _aMalta, war & peace :
_ban architectural chronicle 1800-2000 /
_cConrad Thake, Quentin Hughes ; foreword, Dennis Sharp ; photography and design, Daniel Cilia.
246 3 0 _aMalta, war and peace.
260 _aSta Venera, Malta :
_bMidsea Books,
_cc2005.
300 _a260 p. :
_bill. (chiefly col.), map, plans ;
_c31 cm.
504 _aIncludes bibliographical references (p. 254-257) and index.
650 0 _aArchitecture
_zMalta
_xHistory
_y19th century.
650 0 _aArchitecture
_zMalta
_xHistory
_y20th century.
700 1 _aHughes, Quentin.
700 1 _aCilia, Daniel,
_d1963-
942 _2lcc
_cBOOKS
_hNA1455 .M3T43 2005